000 01223cad a22002055a 4500
001 L153565
008 110808e20110806xxk 000 0 eng d
035 _a(Sirsi) u153565
041 0 _aeng
110 2 _aHalifax
_95942
245 0 0 _aNumber of towns affordable to first time buyers is at its highest since 2003
_h[electronic resource]
260 _c2011
490 _aHalifax Press Release
_v6 August 2011
520 _aThe Halifax First Time Buyer Review which tracks housing affordability in 250 local authority districts reveals that in 2011 the number of towns affordable to first time buyers is at its highest since 2003. Notes North-South divide in affordabilty with North being 10 times more affordable. London is the only region with no areas available for first time buyers on average income. The number of first time buyers remains constrained by the difficulty in obtaining mortgages.
590 _aKA NTK
651 4 _aUnited Kingdom
_y
690 _aPROPERTY-RESIDENTIAL PROPERTY-RESIDENTIAL PROPERTY MARKET
856 4 0 _uhttps://www.lloydsbankinggroup.com/media/pdfs/halifax/2011/060811first_time_buyers_highest_since_2003.pdf
_zView this item free of charge at www.lloydsbankinggroup.com
942 _n0
999 _c83314
_d83314